[Event "Quebec op"]
[Site "Montreal CAN"]
[Date "2006.07.12"]
[Round "6"]
[White "Forget, Luc"]
[Black "Ruiz, Sebastian"]
[Result "0-1"]
[WhiteElo "1977"]
[BlackElo "2110"]
[PlyCount "110"]
[EventDate "2006.07.08"]
[EventType "swiss"]
[EventRounds "9"]
[EventCountry "CAN"]

1. d4 Nf6 2. Nf3 e6 3. c4 b6 4. a3 Bb7 5. Nc3 d5 6. cxd5 Nxd5 7. e3 Nd7 8. Bb5
c6 9. Bd3 Bd6 10. O-O O-O 11. Bd2 N5f6 12. Rc1 Rc8 13. b4 c5 14. bxc5 bxc5 15.
a4 Re8 16. Rb1 Bc6 17. Bb5 Bxf3 18. Qxf3 e5 19. Nd5 e4 20. Nxf6+ Nxf6 21. Qh3
Re7 22. dxc5 Bxc5 23. Bb4 Re5 24. Rfd1 Rd5 25. Rxd5 Nxd5 26. Bxc5 Rxc5 27. Qd7
Qxd7 28. Bxd7 Nb6 29. Bb5 Kf8 30. h4 Ke7 31. f3 Nd5 32. fxe4 Nc3 33. Rb4 Nxb5
34. axb5 Rc7 35. Kf2 Rb7 36. Ra4 Kd6 37. Kf3 Kc5 38. e5 Kxb5 39. Rg4 g6 40. h5
Re7 41. hxg6 hxg6 42. Rf4 a5 43. Ke4 Kc4 44. Rf6 Ra7 45. Rc6+ Kb5 46. Rc8 a4
47. Kd4 a3 48. Rc1 a2 49. Ra1 Kb4 50. e6 fxe6 51. Ke5 Kb3 52. g4 Kb2 53. Rxa2+
Rxa2 54. Kxe6 Kc3 55. g5 Kd3 0-1

[Event "Quebec op"]
[Site "Montreal CAN"]
[Date "2006.07.12"]
[Round "6"]
[White "Libersan, Thierry"]
[Black "Poirier, Erik"]
[Result "0-1"]
[WhiteElo "2121"]
[BlackElo "2146"]
[PlyCount "54"]
[EventDate "2006.07.08"]
[EventType "swiss"]
[EventRounds "9"]
[EventCountry "CAN"]

1. e4 c5 2. Nf3 Nc6 3. Nc3 Nf6 4. Bb5 g6 5. e5 Ng4 6. Bxc6 dxc6 7. h3 Nh6 8.
Ne4 b6 9. Qe2 Bg7 10. g4 O-O 11. d3 f5 12. exf6 exf6 13. g5 fxg5 14. Bxg5 Qd5
15. c4 Qf5 16. Nh4 Qe5 17. O-O-O Nf5 18. f4 Qc7 19. Nxf5 Bxf5 20. Kb1 Rae8 21.
Rhf1 h6 22. Bh4 Bxh3 23. Rh1 Bf5 24. Bg3 Qd7 25. Rdg1 Qd4 26. Bf2 Rxe4 27. Qc2
Qf6 0-1

[Event "Quebec op"]
[Site "Montreal CAN"]
[Date "2006.07.12"]
[Round "6"]
[White "Nicula, Marius"]
[Black "Masse, Hugues"]
[Result "1/2-1/2"]
[WhiteElo "2131"]
[BlackElo "2270"]
[PlyCount "22"]
[EventDate "2006.07.08"]
[EventType "swiss"]
[EventRounds "9"]
[EventCountry "CAN"]

1. Nf3 Nf6 2. g3 g6 3. b4 Bg7 4. Bb2 O-O 5. c4 b6 6. Bg2 Bb7 7. O-O d6 8. d4
Nbd7 9. Nbd2 Re8 10. d5 e5 11. e4 a5 1/2-1/2

[Event "Quebec op"]
[Site "Montreal CAN"]
[Date "2006.07.12"]
[Round "6"]
[White "Picard, Jean"]
[Black "Zafirov, Stephane"]
[Result "1/2-1/2"]
[WhiteElo "2088"]
[BlackElo "2148"]
[PlyCount "80"]
[EventDate "2006.07.08"]
[EventType "swiss"]
[EventRounds "9"]
[EventCountry "CAN"]

1. e4 e5 2. Nf3 Nc6 3. Bc4 Bc5 4. b4 Bxb4 5. c3 Ba5 6. d4 Qf6 7. O-O h6 8. Qb3
Bb6 9. dxe5 Nxe5 10. Nxe5 Qxe5 11. Bxf7+ Kf8 12. Bxg8 Rxg8 13. Nd2 d6 14. Ba3
Be6 15. Qc2 Kf7 16. Kh1 Qf4 17. Bc1 Qh4 18. f4 g6 19. Nf3 Qg4 20. Qd3 Rae8 21.
Bb2 Kg7 22. c4+ Kh7 23. Nd4 Bd7 24. h3 Qh4 25. Rae1 Rgf8 26. Qc3 Qf6 27. Qd2
Qf7 28. f5 Qxc4 29. fxg6+ Kxg6 30. Nf5 Bxf5 31. exf5+ Rxf5 32. Rxf5 Rxe1+ 33.
Qxe1 Kxf5 34. g4+ Kg6 35. Qe8+ Qf7 36. Qe4+ Kg5 37. Bc1+ Kf6 38. Bb2+ Kg5 39.
Bc1+ Kf6 40. Bb2+ Kg5 1/2-1/2

[Event "Quebec op"]
[Site "Montreal CAN"]
[Date "2006.07.12"]
[Round "6"]
[White "Pitre, Francois"]
[Black "Jiang, Louie"]
[Result "0-1"]
[WhiteElo "1997"]
[BlackElo "1997"]
[PlyCount "39"]
[EventDate "2006.07.08"]
[EventType "swiss"]
[EventRounds "9"]
[EventCountry "CAN"]

1. d4 d5 2. Nf3 Nf6 3. Nbd2 e6 4. e3 Be7 5. Bd3 Nbd7 6. Ne5 O-O 7. f4 c5 8. c3
Qc7 9. O-O b6 10. Rf3 Bb7 11. Rh3 Ne4 12. Nxd7 Qxd7 13. Qh5 h6 14. Nf3 Nf6 15.
Qh4 Ne4 16. Qe1 f5 17. Ne5 Qe8 18. Be2 Nf6 19. a4 a6 20. b3 0-1

[Event "Quebec op"]
[Site "Montreal CAN"]
[Date "2006.07.12"]
[Round "6"]
[White "Robichaud, Louis"]
[Black "Dupuis, Stephane"]
[Result "1-0"]
[WhiteElo "2081"]
[BlackElo "2163"]
[PlyCount "57"]
[EventDate "2006.07.08"]
[EventType "swiss"]
[EventRounds "9"]
[EventCountry "CAN"]

1. e4 d6 2. d4 Nf6 3. Nc3 g6 4. f4 Bg7 5. Nf3 c5 6. d5 O-O 7. a4 Na6 8. Bc4 Nb4
9. e5 dxe5 10. fxe5 Ng4 11. Bf4 f6 12. e6 Kh8 13. Qd2 g5 14. h3 Nh6 15. Bh2 Nf5
16. O-O Nd6 17. b3 Nxc4 18. bxc4 b6 19. Ne4 h6 20. c3 Na6 21. Ng3 Nc7 22. Rae1
Rg8 23. Nf5 Bf8 24. Ne5 fxe5 25. Bxe5+ Rg7 26. Nxg7 Bxg7 27. Bxg7+ Kxg7 28.
Rf7+ Kh8 29. Qe2 1-0

[Event "Quebec op"]
[Site "Montreal CAN"]
[Date "2006.07.12"]
[Round "6"]
[White "Swathi, Ghate"]
[Black "Khassanov, Marat"]
[Result "1-0"]
[WhiteElo "2376"]
[BlackElo "2318"]
[PlyCount "48"]
[EventDate "2006.07.08"]
[EventType "swiss"]
[EventRounds "9"]
[EventCountry "CAN"]

1. e4 e5 2. Nf3 Nc6 3. Bb5 a6 4. Ba4 Nf6 5. O-O Be7 6. Re1 b5 7. Bb3 d6 8. c3
O-O 9. d4 Bg4 10. Be3 d5 11. exd5 exd4 12. Bxd4 Nxd4 13. cxd4 Bb4 14. Nc3 Bxc3
15. bxc3 Nxd5 16. Qd3 Be6 17. Bc2 g6 18. Re5 Qf6 19. Ng5 c6 20. Qg3 Rfe8 21.
Ne4 Qg7 22. Nc5 Nc7 23. a4 Qh6 24. h4 b4 1-0

[Event "Quebec op"]
[Site "Montreal CAN"]
[Date "2006.07.12"]
[Round "6"]
[White "Trinh, Tri Bao"]
[Black "Forget, David"]
[Result "1/2-1/2"]
[WhiteElo "2011"]
[BlackElo "1929"]
[PlyCount "47"]
[EventDate "2006.07.08"]
[EventType "swiss"]
[EventRounds "9"]
[EventCountry "CAN"]

1. e4 e6 2. d4 d5 3. e5 c5 4. c3 Nc6 5. Nf3 Bd7 6. Bd3 cxd4 7. cxd4 Qb6 8. O-O
Nxd4 9. Nxd4 Qxd4 10. Nc3 a6 11. Qe2 Ne7 12. Kh1 Nc6 13. f4 Nb4 14. Bb1 Bc5 15.
a3 Nc6 16. Nd1 Ba7 17. Be3 Qa4 18. Nc3 Qa5 19. Bxa7 Nxa7 20. Qg4 g6 21. Qh4 Qd8
22. Qh6 Ke7 23. Qg5+ Kf8 24. Qh6+ 1/2-1/2

[Event "Quebec op"]
[Site "Montreal CAN"]
[Date "2006.07.12"]
[Round "6"]
[White "Vallieres, Mario"]
[Black "Morin, Louis"]
[Result "1-0"]
[WhiteElo "2055"]
[BlackElo "1888"]
[PlyCount "45"]
[EventDate "2006.07.08"]
[EventType "swiss"]
[EventRounds "9"]
[EventCountry "CAN"]

1. d4 e5 2. d5 Bc5 3. g3 d6 4. Bg2 Nf6 5. e3 O-O 6. Ne2 Re8 7. O-O Nbd7 8. a3
a5 9. Nd2 Qe7 10. Nc3 Nf8 11. h3 Bd7 12. Kh2 b5 13. a4 b4 14. Nb5 Bxb5 15. axb5
Qd7 16. c4 bxc3 17. bxc3 Qxb5 18. c4 Qd7 19. Qc2 g6 20. Bb2 Nh5 21. g4 Ng7 22.
Ne4 f5 23. Nf6+ 1-0

[Event "Quebec op"]
[Site "Montreal CAN"]
[Date "2006.07.12"]
[Round "6"]
[White "Voskanyan, Vahagn"]
[Black "Saint Amand, Paul"]
[Result "1-0"]
[WhiteElo "2346"]
[BlackElo "2040"]
[PlyCount "67"]
[EventDate "2006.07.08"]
[EventType "swiss"]
[EventRounds "9"]
[EventCountry "CAN"]

1. Nf3 c5 2. c4 Nf6 3. Nc3 Nc6 4. d4 cxd4 5. Nxd4 e6 6. e3 Be7 7. Be2 O-O 8.
O-O a6 9. b3 Qc7 10. Bb2 d6 11. Rc1 Ne5 12. f4 Ng6 13. Qc2 Re8 14. Kh1 Bf8 15.
Ne4 Nxe4 16. Qxe4 f5 17. Qc2 b6 18. Bd3 Bb7 19. e4 e5 20. fxe5 dxe5 21. Nxf5
Nf4 22. Ne3 Rad8 23. Nd5 Qd6 24. Rf3 Nxd3 25. Rxd3 Qh6 26. Rf1 Rc8 27. Qf2 Qe6
28. Qg3 Kh8 29. Rdf3 Bxd5 30. exd5 Qg6 31. Bxe5 Qxg3 32. hxg3 h6 33. d6 Red8
34. d7 1-0

[Event "Quebec op"]
[Site "Montreal CAN"]
[Date "2006.07.12"]
[Round "6"]
[White "Wilkin, Alain"]
[Black "Le Duin, Thierry"]
[Result "0-1"]
[WhiteElo "1958"]
[BlackElo "2061"]
[PlyCount "92"]
[EventDate "2006.07.08"]
[EventType "swiss"]
[EventRounds "9"]
[EventCountry "CAN"]

1. b3 d5 2. Bb2 c6 3. e3 Nf6 4. Nf3 Bg4 5. Be2 Nbd7 6. d3 e6 7. Nbd2 Bc5 8. a3
a5 9. h3 Bh5 10. Ne5 Bxe2 11. Qxe2 Qc7 12. f4 Qb6 13. d4 Be7 14. O-O g6 15.
Nxd7 Nxd7 16. Rab1 f5 17. c4 Nf6 18. c5 Qc7 19. Bc3 O-O 20. Nf3 Ne4 21. Be1
Rfb8 22. Ne5 Bf6 23. Nd3 Qe7 24. Qc2 Qe8 25. b4 axb4 26. Bxb4 Qf7 27. Rb3 Kh8
28. Rfb1 g5 29. Ne5 Bxe5 30. dxe5 g4 31. Be1 gxh3 32. gxh3 Rg8+ 33. Kh2 Qg6 34.
Bh4 Qh5 35. Bf6+ Nxf6 36. exf6 Qf3 37. e4 Qxf4+ 38. Kh1 fxe4 39. f7 Qxf7 40.
Qh2 Qf6 41. Qe2 Qf5 42. Rf1 Qe5 43. Qe1 Rg7 44. Rbf3 Rag8 45. Rf8 Qg3 46. Rxg8+
Kxg8 0-1

[Event "Quebec op"]
[Site "Montreal CAN"]
[Date "2006.07.13"]
[Round "7"]
[White "Arsenault, Nicolas"]
[Black "Malette, Martin"]
[Result "1/2-1/2"]
[WhiteElo "2110"]
[BlackElo "2004"]
[PlyCount "123"]
[EventDate "2006.07.08"]
[EventType "swiss"]
[EventRounds "9"]
[EventCountry "CAN"]

1. e4 c5 2. Nf3 Nc6 3. d4 cxd4 4. Nxd4 Nf6 5. Nc3 e6 6. Ndb5 Bb4 7. a3 Bxc3+ 8.
Nxc3 d5 9. exd5 Nxd5 10. Nxd5 Qxd5 11. Qxd5 exd5 12. Bf4 O-O 13. Bd3 Re8+ 14.
Kd2 a6 15. Rhe1 Be6 16. Bg3 f6 17. Re3 Kf7 18. Rae1 Bd7 19. Rxe8 Rxe8 20. Rxe8
Bxe8 21. c4 dxc4 22. Bxc4+ Ke7 23. Kc3 Bd7 24. b4 Na7 25. Bf4 Bc6 26. g3 Nb5+
27. Kb2 Nd4 28. Be3 Ne6 29. f4 Be4 30. a4 Kd6 31. Kc3 f5 32. Ba7 h6 33. Bb8+
Ke7 34. Be5 g6 35. a5 Kd7 36. Kd2 Bc6 37. Ke3 Bb5 38. Bd5 Bc6 39. Bb3 Be4 40.
g4 Ke7 41. gxf5 gxf5 42. Kf2 Nd8 43. Bd4 Nc6 44. Bc5+ Kf6 45. Bc4 Ne7 46. Bxe7+
Kxe7 47. Ke3 Kd6 48. Kd4 Bg2 49. Bd3 Bh3 50. b5 axb5 51. Bxb5 Bg2 52. Bd3 Bh3
53. Kc4 Kc6 54. Kd4 Kd6 55. Bc2 Bg4 56. Kc4 Kc6 57. Ba4+ Kd6 58. Bb3 Kc6 59.
Ba4+ Kd6 60. Bb3 Kc6 61. Ba4+ Kd6 62. Bb3 1/2-1/2

[Event "Quebec op"]
[Site "Montreal CAN"]
[Date "2006.07.13"]
[Round "7"]
[White "Bergeron, Marc"]
[Black "Cloutier, Mathieu"]
[Result "0-1"]
[WhiteElo "2009"]
[BlackElo "2059"]
[PlyCount "88"]
[EventDate "2006.07.08"]
[EventType "swiss"]
[EventRounds "9"]
[EventCountry "CAN"]

1. c4 Nf6 2. g3 e6 3. Nf3 b6 4. Bg2 Bb7 5. O-O c5 6. b3 Be7 7. d3 d5 8. e3 O-O
9. Bb2 Nc6 10. a3 dxc4 11. bxc4 Qc7 12. Qc2 Rad8 13. Nc3 Qb8 14. Ne2 Rd7 15. d4
Rfd8 16. Rfd1 Qa8 17. Ne1 cxd4 18. exd4 Na5 19. Bxb7 Qxb7 20. Ng2 Qe4 21. Rac1
Rc7 22. Ne3 Qxc2 23. Rxc2 Rdc8 24. d5 exd5 25. Bxf6 Bxf6 26. Nxd5 Rxc4 27. Rxc4
Nxc4 28. Nxf6+ gxf6 29. a4 Nb2 30. Rd7 a5 31. Nf4 Nxa4 32. Nd5 Kg7 33. Rd6 Rc1+
34. Kg2 Rd1 35. Ne3 Rxd6 36. Nf5+ Kf8 37. Nxd6 Nc3 38. Nc4 Nd5 39. Kf3 f5 40.
g4 fxg4+ 41. Ke4 Nf6+ 42. Ke5 Ke7 43. Na3 Ne8 44. Nb5 Kd7 0-1

[Event "Quebec op"]
[Site "Montreal CAN"]
[Date "2006.07.13"]
[Round "7"]
[White "Chabot, Roland"]
[Black "Kunte, Abhijit"]
[Result "1/2-1/2"]
[WhiteElo "2287"]
[BlackElo "2535"]
[PlyCount "91"]
[EventDate "2006.07.08"]
[EventType "swiss"]
[EventRounds "9"]
[EventCountry "CAN"]

1. d4 Nf6 2. c4 e6 3. Nc3 Bb4 4. e3 O-O 5. Nge2 Re8 6. a3 Bf8 7. d5 d6 8. Ng3
exd5 9. cxd5 c5 10. Be2 a6 11. a4 g6 12. e4 Bg7 13. O-O Nbd7 14. Be3 h5 15. Bg5
Nf8 16. f3 N8h7 17. Bd2 h4 18. Nh1 Nh5 19. Nf2 Bd4 20. Re1 Qf6 21. Qc1 Bd7 22.
Be3 Rac8 23. Qd2 Bxe3 24. Qxe3 Ng5 25. Ra3 c4 26. a5 Nf4 27. h3 Qe5 28. Bd1 f5
29. Ne2 Nxe2+ 30. Rxe2 Nf7 31. f4 Qg7 32. Qd2 g5 33. fxg5 Nxg5 34. Qf4 fxe4 35.
Ree3 c3 36. Raxc3 Rxc3 37. Rxc3 Qh6 38. Qe3 Rc8 39. Ng4 Bxg4 40. Bxg4 Rxc3 41.
Qxc3 Nf7 42. Be6 Qf4 43. Qc8+ Kg7 44. Qxb7 Qc1+ 45. Kh2 Qf4+ 46. Kg1 1/2-1/2

[Event "Quebec op"]
[Site "Montreal CAN"]
[Date "2006.07.13"]
[Round "7"]
[White "Dupuis, Stephane"]
[Black "Vallieres, Mario"]
[Result "1-0"]
[WhiteElo "2163"]
[BlackElo "2055"]
[PlyCount "123"]
[EventDate "2006.07.08"]
[EventType "swiss"]
[EventRounds "9"]
[EventCountry "CAN"]

1. e4 e6 2. d4 d5 3. Nc3 Nf6 4. e5 Nfd7 5. f4 c5 6. Nf3 Nc6 7. Be3 Be7 8. Qd2
a6 9. a3 b5 10. dxc5 Bxc5 11. Bxc5 Nxc5 12. b4 Nd7 13. Bd3 Qb6 14. Qf2 Bb7 15.
O-O O-O 16. Rfb1 Qxf2+ 17. Kxf2 f6 18. exf6 Rxf6 19. g3 Nb6 20. a4 bxa4 21. Kg1
e5 22. Nxe5 Nxe5 23. fxe5 Re6 24. Re1 Nc4 25. Bxc4 dxc4 26. Nxa4 Rae8 27. Nc5
Rb6 28. c3 Bc8 29. Ra2 h6 30. Kf2 g6 31. Kf3 Kg7 32. Ke4 Rd6 33. Kf3 Rb6 34.
Re3 h5 35. h4 Rc6 36. Kf2 Rb6 37. Ke1 Rc6 38. Kd2 Rd8+ 39. Kc1 Re8 40. Kb2 Re7
41. Ra1 Re8 42. Re4 Bf5 43. Rxc4 Rxe5 44. Rxa6 Re2+ 45. Ka3 Rc8 46. Ra7+ Kh6
47. Rd4 Re3 48. Na4 Rxg3 49. b5 Rg4 50. b6 Be4 51. Rdd7 Rxh4 52. b7 Bxb7 53.
Rdxb7 Rc6 54. Kb3 Rh1 55. Nb2 h4 56. Nd3 Rh3 57. Rd7 Rg3 58. Rh7+ Kg5 59. Ra5+
Kf6 60. Nc5 Rg4 61. c4 g5 62. Rh6+ 1-0

[Event "Quebec op"]
[Site "Montreal CAN"]
[Date "2006.07.13"]
[Round "7"]
[White "Gilman, Arkadiy"]
[Black "Libersan, Thierry"]
[Result "0-1"]
[WhiteElo "2191"]
[BlackElo "2121"]
[PlyCount "64"]
[EventDate "2006.07.08"]
[EventType "swiss"]
[EventRounds "9"]
[EventCountry "CAN"]

1. d4 Nf6 2. c4 g6 3. Nc3 Bg7 4. e4 d6 5. Nf3 O-O 6. Be2 Nc6 7. d5 Nb8 8. h3
Nbd7 9. O-O Nc5 10. Qc2 a5 11. Re1 e5 12. Nd2 Ne8 13. Nb3 f5 14. Nxc5 dxc5 15.
Be3 b6 16. f3 Nd6 17. Qd2 f4 18. Bf2 g5 19. a4 h5 20. Nb5 Rf6 21. Nxd6 cxd6 22.
Ra3 Rg6 23. Qd1 Bf6 24. Rc3 Ra7 25. Qd2 Rag7 26. Kf1 g4 27. hxg4 hxg4 28. fxg4
Bxg4 29. Bf3 Bh4 30. Re2 Qg5 31. Ke1 Bxf3 32. Rxf3 Qxg2 0-1

[Event "Quebec op"]
[Site "Montreal CAN"]
[Date "2006.07.13"]
[Round "7"]
[White "Hajiyev, Elshad"]
[Black "Fillion, Steve"]
[Result "0-1"]
[WhiteElo "2007"]
[BlackElo "2092"]
[PlyCount "109"]
[EventDate "2006.07.08"]
[EventType "swiss"]
[EventRounds "9"]
[EventCountry "CAN"]

1. d4 Nf6 2. Nf3 e6 3. Bg5 d5 4. e3 Be7 5. Bd3 Nbd7 6. Nbd2 c5 7. c3 b6 8. Ne5
Nxe5 9. dxe5 Nd7 10. Bf4 Bb7 11. Nf3 g5 12. Bg3 h5 13. h3 Qc7 14. Bb5 a6 15.
Bxd7+ Qxd7 16. Qb3 Qc6 17. Nd2 b5 18. a4 b4 19. c4 O-O-O 20. cxd5 Qxd5 21. Qxd5
Bxd5 22. e4 Bc6 23. f3 Rd3 24. Ke2 Rhd8 25. Rhd1 g4 26. Nc4 gxf3+ 27. gxf3 Bxe4
28. fxe4 Rxg3 29. Nd6+ Bxd6 30. exd6 Kd7 31. Rac1 Rc8 32. Rf1 Kxd6 33. Rxf7
Rxh3 34. Ra7 Rc6 35. Rh7 Rh2+ 36. Ke3 Rxb2 37. Re1 Ke5 38. Rxh5+ Kf6 39. e5+
Kg6 40. Reh1 Rg2 41. Kf4 c4 42. Rh6+ Kf7 43. Rd1 Rc7 44. Rf6+ Ke7 45. Rh6 Rg7
46. Rd6 c3 47. Rhxe6+ Kf8 48. Rc6 c2 49. Rf6+ Kg8 50. Rxc2 Rxc2 51. Rxa6 Rb7
52. a5 b3 53. Rg6+ Kh7 54. a6 Kxg6 55. axb7 0-1

[Event "Quebec op"]
[Site "Montreal CAN"]
[Date "2006.07.13"]
[Round "7"]
[White "Khassanov, Marat"]
[Black "Nicula, Marius"]
[Result "1-0"]
[WhiteElo "2318"]
[BlackElo "2131"]
[PlyCount "49"]
[EventDate "2006.07.08"]
[EventType "swiss"]
[EventRounds "9"]
[EventCountry "CAN"]

1. e4 e6 2. d4 d5 3. Nd2 Nf6 4. e5 Nfd7 5. Bd3 c5 6. c3 Nc6 7. Ne2 cxd4 8. cxd4
f6 9. exf6 Nxf6 10. Nf3 Bd6 11. O-O Qc7 12. Nc3 a6 13. Be3 O-O 14. Rc1 Bd7 15.
Re1 Be8 16. Ne5 Bh5 17. Qd2 Rae8 18. h3 Bxe5 19. dxe5 Nd7 20. Bf4 Qa5 21. Bg3
d4 22. Qg5 dxc3 23. Qxh5 h6 24. Rxc3 Qxa2 25. Qg6 1-0

[Event "Quebec op"]
[Site "Montreal CAN"]
[Date "2006.07.13"]
[Round "7"]
[White "Kleinplatz, Sam"]
[Black "Pitre, Francois"]
[Result "1-0"]
[WhiteElo "2263"]
[BlackElo "1997"]
[PlyCount "97"]
[EventDate "2006.07.08"]
[EventType "swiss"]
[EventRounds "9"]
[EventCountry "CAN"]

1. c4 e5 2. Nc3 Nf6 3. Nf3 Nc6 4. e3 Bb4 5. Nd5 Bc5 6. d4 exd4 7. exd4 Nxd5 8.
dxc5 Nf6 9. Bd3 Qe7+ 10. Qe2 Qxe2+ 11. Kxe2 O-O 12. Bf4 d6 13. cxd6 cxd6 14. h3
d5 15. Rhe1 h6 16. a3 Be6 17. c5 Rfe8 18. Kf1 a5 19. Bb5 Red8 20. Bxc6 bxc6 21.
Nd4 Bd7 22. f3 Re8 23. b4 axb4 24. axb4 Rxe1+ 25. Rxe1 Ra4 26. Rb1 Nh5 27. Be5
f6 28. Bd6 g5 29. g4 Ng7 30. Kf2 Ne6 31. Nxe6 Bxe6 32. b5 cxb5 33. Rxb5 Rc4 34.
Rb7 d4 35. Ke2 Rc3 36. Rb4 Rc4 37. Rb8+ Kf7 38. Rb7+ Kg6 39. Kd3 Bd5 40. Rc7
Rc1 41. Kxd4 Bxf3 42. Bf8 f5 43. gxf5+ Kxf5 44. Rf7+ Kg6 45. Rxf3 h5 46. Kd5 g4
47. hxg4 hxg4 48. Rg3 Kf5 49. Bd6 1-0

[Event "Quebec op"]
[Site "Montreal CAN"]
[Date "2006.07.13"]
[Round "7"]
[White "Le Duin, Thierry"]
[Black "Desjardins, Michel"]
[Result "1-0"]
[WhiteElo "2061"]
[BlackElo "1907"]
[PlyCount "55"]
[EventDate "2006.07.08"]
[EventType "swiss"]
[EventRounds "9"]
[EventCountry "CAN"]

1. d4 d5 2. Nf3 c6 3. c3 Bf5 4. Nh4 Bc8 5. g3 g6 6. Bg2 Bg7 7. O-O Nf6 8. f3 h6
9. e4 e6 10. e5 g5 11. Ng6 fxg6 12. exf6 Bxf6 13. Qc2 Kf7 14. h3 Kg7 15. f4 Na6
16. fxg5 Bxg5 17. Nd2 e5 18. dxe5 Bf5 19. Qd1 Bd3 20. Re1 Qb6+ 21. Kh2 Qf2 22.
Nf3 Nc5 23. Nxg5 hxg5 24. Bxg5 Be4 25. Bf6+ Kf7 26. Re2 Qf5 27. Bxh8 Rxh8 28.
Qf1 1-0

[Event "Quebec op"]
[Site "Montreal CAN"]
[Date "2006.07.13"]
[Round "7"]
[White "Masse, Hugues"]
[Black "Anastasovski, Nikola"]
[Result "1/2-1/2"]
[WhiteElo "2270"]
[BlackElo "2128"]
[PlyCount "61"]
[EventDate "2006.07.08"]
[EventType "swiss"]
[EventRounds "9"]
[EventCountry "CAN"]

1. d4 f5 2. g3 e6 3. Bg2 Nf6 4. c4 Bb4+ 5. Nd2 d5 6. Ngf3 O-O 7. O-O b6 8. b3
Bb7 9. Bb2 Nbd7 10. e3 Bd6 11. Qe2 Qe7 12. Rfd1 Ne4 13. Ne5 Nxe5 14. dxe5 Ba3
15. Nb1 Qb4 16. f3 Nc5 17. Nd2 Ba6 18. Bf1 Rad8 19. f4 dxc4 20. Nxc4 Ne4 21.
Rxd8 Rxd8 22. Rd1 Rxd1 23. Qxd1 h6 24. Bd3 Qc5 25. Bxe4 Bxc4 26. Qd8+ Kf7 27.
Qd7+ Kf8 28. Qd8+ Kf7 29. Qd7+ Kf8 30. Qd8+ Kf7 31. Qd7+ 1/2-1/2

[Event "Quebec op"]
[Site "Montreal CAN"]
[Date "2006.07.13"]
[Round "7"]
[White "Morin, Louis"]
[Black "Trinh, Tri Bao"]
[Result "0-1"]
[WhiteElo "1888"]
[BlackElo "2011"]
[PlyCount "42"]
[EventDate "2006.07.08"]
[EventType "swiss"]
[EventRounds "9"]
[EventCountry "CAN"]

1. e4 c5 2. d4 e6 3. Nf3 d5 4. exd5 exd5 5. Bb5+ Nc6 6. Qe2+ Be7 7. dxc5 Nf6 8.
O-O O-O 9. Bxc6 bxc6 10. b4 a5 11. Re1 Ne4 12. c3 Bf6 13. Bb2 Bg4 14. h3 Bxf3
15. gxf3 Ng5 16. Kg2 Qd7 17. Rh1 Qf5 18. a3 Rfe8 19. Qd1 Ne6 20. Nd2 Nf4+ 21.
Kh2 Qxh3+ 0-1

[Event "Quebec op"]
[Site "Montreal CAN"]
[Date "2006.07.13"]
[Round "7"]
[White "Poirier, Erik"]
[Black "Picard, Jean"]
[Result "0-1"]
[WhiteElo "2146"]
[BlackElo "2088"]
[PlyCount "54"]
[EventDate "2006.07.08"]
[EventType "swiss"]
[EventRounds "9"]
[EventCountry "CAN"]

1. d4 Nf6 2. c4 g6 3. Nc3 Bg7 4. e4 d6 5. Nf3 O-O 6. Be2 e5 7. O-O Nc6 8. d5
Ne7 9. Nd2 Nd7 10. b4 f5 11. f3 f4 12. c5 Nf6 13. Nc4 Ne8 14. Ba3 g5 15. b5 b6
16. cxd6 cxd6 17. Bb4 Rf7 18. a4 Ng6 19. a5 Rb8 20. axb6 axb6 21. Ra3 h5 22.
Qa1 g4 23. Ra8 g3 24. Rb1 Qh4 25. h3 Bxh3 26. Kf1 Bxg2+ 27. Ke1 Bf1 0-1

[Event "Quebec op"]
[Site "Montreal CAN"]
[Date "2006.07.13"]
[Round "7"]
[White "Robichaud, Louis"]
[Black "Voskanyan, Vahagn"]
[Result "1-0"]
[WhiteElo "2081"]
[BlackElo "2346"]
[PlyCount "83"]
[EventDate "2006.07.08"]
[EventType "swiss"]
[EventRounds "9"]
[EventCountry "CAN"]

1. e4 e6 2. d3 d5 3. Nd2 Nf6 4. Ngf3 Be7 5. Qe2 c5 6. g3 Nc6 7. Bg2 Qc7 8. O-O
O-O 9. Re1 b6 10. Nf1 dxe4 11. dxe4 e5 12. c3 Re8 13. Ne3 Bd6 14. Nh4 Ne7 15.
Qf3 c4 16. Nef5 Nxf5 17. Nxf5 Bxf5 18. Qxf5 Nd7 19. Be3 Bc5 20. Bf1 Bxe3 21.
Rxe3 Rad8 22. Ree1 b5 23. a4 a6 24. axb5 axb5 25. b3 Nb6 26. bxc4 bxc4 27. Red1
h6 28. Qf3 Qe7 29. Qe3 Qc7 30. Rdb1 Rd6 31. Rb5 Nd7 32. Ra7 Qc6 33. Rbb7 Rd1
34. Qf3 Rd2 35. Bh3 Re7 36. Rc7 Qb5 37. Rab7 Qa4 38. Bf1 Qa1 39. Ra7 Qe1 40.
Rc8+ Kh7 41. Rxd7 Rd3 42. Qf5+ 1-0

[Event "Quebec op"]
[Site "Montreal CAN"]
[Date "2006.07.13"]
[Round "7"]
[White "Rozybakiyev, Rasul"]
[Black "Dimev, Kiril"]
[Result "1-0"]
[WhiteElo "2039"]
[BlackElo "2014"]
[PlyCount "93"]
[EventDate "2006.07.08"]
[EventType "swiss"]
[EventRounds "9"]
[EventCountry "CAN"]

1. e4 e5 2. Nf3 Nc6 3. Bc4 Nf6 4. d3 Bc5 5. O-O d6 6. c3 a6 7. a4 O-O 8. Be3
Qe7 9. b4 Bxe3 10. fxe3 Be6 11. Nbd2 d5 12. exd5 Nxd5 13. Bxd5 Bxd5 14. e4 Be6
15. Qe2 Rfd8 16. Nc4 f6 17. Ne3 Qd7 18. Rfd1 Qe7 19. Nh4 g6 20. Rd2 a5 21. b5
Nb8 22. d4 exd4 23. cxd4 Nd7 24. Nf3 Nb6 25. d5 Bf7 26. Ng4 Re8 27. Qf2 h5 28.
Nh6+ Kg7 29. Nxf7 Qxf7 30. Rd4 Nd7 31. Rc1 Rac8 32. Qg3 Nb6 33. Rcd1 Nd7 34.
Rc1 Nf8 35. Rdc4 Nd7 36. Qf4 Nb6 37. Rxc7 Rxc7 38. Rxc7 Re7 39. Rxe7 Qxe7 40.
d6 Qe6 41. e5 fxe5 42. Nxe5 Nd5 43. Qd4 Kf8 44. d7 Ke7 45. Qc5+ Kf6 46. d8=Q+
Kxe5 47. Qg5+ 1-0

[Event "Quebec op"]
[Site "Montreal CAN"]
[Date "2006.07.13"]
[Round "7"]
[White "Zafirov, Stephane"]
[Black "Bekteshi, Muhamet"]
[Result "1-0"]
[WhiteElo "2148"]
[BlackElo "2023"]
[PlyCount "157"]
[EventDate "2006.07.08"]
[EventType "swiss"]
[EventRounds "9"]
[EventCountry "CAN"]

1. e4 c6 2. d4 d5 3. Nc3 dxe4 4. Nxe4 Nd7 5. Nf3 Ngf6 6. Ng3 e6 7. Bd3 c5 8.
O-O Be7 9. Re1 O-O 10. c3 b6 11. Qe2 cxd4 12. Nxd4 Bc5 13. Nb3 Bd6 14. Ne4 Qc7
15. Nxd6 Qxd6 16. Rd1 Qc7 17. Nd4 a6 18. Bg5 Bb7 19. Re1 Rfe8 20. Rad1 e5 21.
Nf5 Qc6 22. Qf1 b5 23. Bc2 Qc7 24. Nd6 Re6 25. Nxb7 Qxb7 26. Bf5 Ree8 27. Qd3
e4 28. Qh3 Rad8 29. Rd6 Nf8 30. Rxd8 Rxd8 31. Bxf6 gxf6 32. Qg4+ Ng6 33. Bxe4
Qe7 34. Kf1 Re8 35. Qd1 Qc7 36. Kg1 Qe5 37. Re3 Qf4 38. g3 Qg5 39. Qd7 Re7 40.
Qd8+ Kg7 41. Qd4 Ne5 42. f4 Qh6 43. fxe5 fxe5 44. Qd3 Rd7 45. Qe2 Qg5 46. h4
Qh6 47. Kg2 Qe6 48. Qf2 Qxa2 49. Bxh7 Qd5+ 50. Be4 Qd1 51. Re1 Qb3 52. Rf1 Rd6
53. Qe2 b4 54. c4 f6 55. Bd5 a5 56. Qh5 Qc2+ 57. Rf2 Qg6 58. Qxg6+ Kxg6 59. b3
f5 60. Ra2 Ra6 61. Kf3 Kf6 62. g4 e4+ 63. Kf4 fxg4 64. Kxe4 g3 65. Kf4 a4 66.
Kxg3 Ke5 67. bxa4 Kd4 68. h5 b3 69. Ra3 Rb6 70. Ra1 b2 71. Rb1 Kc3 72. Kf4 Ra6
73. Be4 Rxa4 74. c5 Ra5 75. h6 Rxc5 76. h7 Rh5 77. Bg6 Rh2 78. Kg5 Rg2+ 79. Kf6
1-0

[Event "Quebec op"]
[Site "Montreal CAN"]
[Date "2006.07.14"]
[Round "8"]
[White "Arsenault, Nicolas"]
[Black "Poirier, Erik"]
[Result "1-0"]
[WhiteElo "2110"]
[BlackElo "2146"]
[PlyCount "49"]
[EventDate "2006.07.08"]
[EventType "swiss"]
[EventRounds "9"]
[EventCountry "CAN"]

1. e4 c5 2. Nf3 Nc6 3. d4 cxd4 4. Nxd4 Nf6 5. Nc3 e5 6. Ndb5 d6 7. Bg5 a6 8.
Na3 b5 9. Bxf6 gxf6 10. Nd5 Bg7 11. c4 f5 12. cxb5 Nd4 13. Bd3 Be6 14. O-O O-O
15. Nc2 Nxc2 16. Bxc2 fxe4 17. bxa6 Rxa6 18. a4 f5 19. b4 Rc6 20. Bb3 Kh8 21.
a5 f4 22. a6 f3 23. g3 Qa8 24. b5 Rc5 25. Nb6 1-0